[Event "Lleida Regional-ch"]
[Site "Lleida"]
[Date "2022.10.09"]
[Round "2"]
[White "Bonet Verdu, Marcel"]
[Black "Arnillas Moles, Josep"]
[Result "0-1"]
[WhiteElo "1700"]
[BlackElo "1804"]
[PlyCount "78"]
[EventDate "2022.10.02"]
[EventType "swiss"]
[EventRounds "8"]
[EventCountry "ESP"]
[SourceTitle "EXT 2024"]
[Source "ChessBase"]
[SourceDate "2023.10.10"]
[SourceVersion "1"]
[SourceVersionDate "2023.10.10"]
[SourceQuality "1"]

1. c4 e5 2. Nc3 Nc6 3. Nf3 g6 4. g3 Bg7 5. Bg2 d6 6. 0-0 Be6 7. d3 Nge7 8. Rb1 a5 9. Ng5 Bd7 10. Nd5 h6 11. Ne4 Nxd5 12. cxd5 Ne7 13. f4 Nf5 14. fxe5 Bxe5 15. e3 0-0 16. d4 Bg7 17. Qb3 b6 18. Bd2 Re8 19. Rbc1 h5 20. Qd3 h4 21. g4 Nh6 22. h3 f5 23. Nf2 Bc8 24. Qc2 Ra7 25. gxf5 Nxf5 26. Ng4 Kh7 27. Be4 Qg5 28. Rf4 c5 29. dxc6 Rae7 30. Rcf1 Ng3 31. Nf6+ Kh8 32. Nxe8 Nxe4+ 33. Kh1 Ng3+ 34. Kh2 Nxf1+ 35. Rxf1 Qg3+ 36. Kh1 Qxh3+ 37. Kg1 Qg3+ 38. Kh1 Rxe8 39. Be1 Qh3+ 0-1

[Event "Lleida Region-ch"]
[Site "Lleida"]
[Date "2021.10.24"]
[Round "4"]
[White "Subarroca Blanch, Francesco"]
[Black "Bonet Verdu, Marcel"]
[Result "1-0"]
[WhiteElo "1789"]
[BlackElo "1723"]
[PlyCount "63"]
[EventDate "2021.10.03"]
[EventType "swiss"]
[EventRounds "8"]
[EventCountry "ESP"]
[SourceTitle "EXT 2023"]
[Source "ChessBase"]
[SourceDate "2022.10.05"]
[SourceVersion "1"]
[SourceVersionDate "2022.10.05"]
[SourceQuality "1"]

1. c4 f5 2. b3 Nf6 3. Bb2 e6 4. Nf3 c6 5. g3 d5 6. cxd5 cxd5 7. Bg2 Bd6 8. 0-0 0-0 9. Nc3 Nc6 10. Rc1 e5 11. Nb5 Bb8 12. d3 a6 13. Nc3 e4 14. dxe4 fxe4 15. Nd4 Ba7 16. Nxc6 bxc6 17. Qc2 Ng4 18. Nd1 Bd7 19. h3 Nf6 20. e3 Qe7 21. Nc3 c5 22. Rcd1 Bc6 23. Ne2 Rac8 24. Nf4 d4 25. exd4 cxd4 26. Bxd4 Bb5 27. Bxf6 Qxf6 28. Qxe4 Bxf1 29. Rxf1 Qf5 30. Qb7 Rf7 31. Be4 Rb8 32. Qxa7 1-0

[Event "Lleida Region-ch"]
[Site "Lleida"]
[Date "2021.10.03"]
[Round "1"]
[White "Bonet Verdu, Marcel"]
[Black "Parramon Guillaumet, Jaime"]
[Result "1/2-1/2"]
[WhiteElo "1723"]
[BlackElo "1878"]
[PlyCount "58"]
[EventDate "2021.10.03"]
[EventType "swiss"]
[EventRounds "8"]
[EventCountry "ESP"]
[SourceTitle "EXT 2023"]
[Source "ChessBase"]
[SourceDate "2022.10.05"]
[SourceVersion "1"]
[SourceVersionDate "2022.10.05"]
[SourceQuality "1"]

1. c4 g6 2. g3 Bg7 3. Bg2 d6 4. Nc3 e5 5. Nf3 Nh6 6. d4 exd4 7. Nxd4 0-0 8. 0-0 c6 9. h3 Na6 10. Be3 f5 11. Qd2 Nf7 12. Rad1 Qe7 13. f4 Nc7 14. Rfe1 Bd7 15. Bf2 Rfe8 16. e4 Qf6 17. exf5 Bxf5 18. Nxf5 gxf5 19. Rxe8+ Nxe8 20. Re1 Nc7 21. Qe3 Kf8 22. Na4 Nd8 23. b4 Qe6 24. Qd3 Qf6 25. b5 Nce6 26. Qxd6+ Qe7 27. Qxe7+ Kxe7 28. Nc5 Kd6 29. Rd1+ Kc7 1/2-1/2

[Event "Lleida Regional-ch"]
[Site "Lleida"]
[Date "2019.12.01"]
[Round "7"]
[White "Bonet Verdu, Marcel"]
[Black "Sanuy Moncasi, Albert"]
[Result "0-1"]
[WhiteElo "1708"]
[BlackElo "1948"]
[PlyCount "118"]
[EventDate "2019.10.13"]
[EventType "swiss"]
[EventRounds "9"]
[EventCountry "ESP"]
[SourceTitle "CBM 193 Extra"]
[Source "ChessBase"]
[SourceDate "2020.01.31"]
[SourceVersion "1"]
[SourceVersionDate "2020.01.31"]
[SourceQuality "1"]

1. c4 c6 2. g3 d6 3. Bg2 Nd7 4. e4 e5 5. Ne2 Be7 6. Nbc3 Nf8 7. d3 Bg4 8. h3 Bd7 9. 0-0 g5 10. Be3 Ng6 11. d4 h5 12. dxe5 dxe5 13. Qd2 h4 14. g4 Nf4 15. Bxf4 gxf4 16. f3 Qb6+ 17. Kh1 Rd8 18. Qc2 Be6 19. Rad1 Bxc4 20. Rxd8+ Bxd8 21. Rd1 Be6 22. Na4 Qc7 23. b3 Ne7 24. Nc5 Bc8 25. Qc3 Rh6 26. b4 Ng6 27. a4 Nf8 28. Nd3 f6 29. Nc5 b6 30. Nd3 Rh7 31. Bf1 Rd7 32. Nec1 Be7 33. Nb2 Rxd1 34. Nxd1 Qd6 35. Nd3 Ne6 36. b5 c5 37. N1b2 Qd4 38. Qxd4 Nxd4 39. Ne1 Be6 40. Bc4 Kd7 41. Kg2 Bxc4 42. Nxc4 Ne2 43. Kf2 Nc3 44. Ng2 Nxa4 45. Nxh4 Nc3 46. Na3 c4 47. Nxc4 Nxb5 48. Ng6 Bc5+ 49. Kg2 Ke6 50. h4 Nd6 51. Nxd6 Bxd6 52. h5 Kf7 53. Kf1 a5 54. Ke2 a4 55. Kd3 b5 56. Kc2 b4 57. Nh4 Bc5 58. Ng2 Bd4 59. Ne1 b3+ 0-1

[Event "Lleida-ch"]
[Site "Almenar"]
[Date "2018.11.11"]
[Round "6"]
[White "Sanuy Moncasi, Albert"]
[Black "Bonet Verdu, Marcel"]
[Result "1-0"]
[WhiteElo "1940"]
[BlackElo "1715"]
[PlyCount "147"]
[EventDate "2018.09.30"]
[EventType "swiss"]
[EventRounds "9"]
[EventCountry "ESP"]
[SourceTitle "CBM 187 Extra"]
[Source "ChessBase"]
[SourceDate "2018.11.04"]
[SourceVersion "1"]
[SourceVersionDate "2018.11.04"]
[SourceQuality "1"]

1. d4 f5 2. Bg5 d5 3. e3 Nd7 4. Nf3 Ngf6 5. Bxf6 Nxf6 6. Ne5 e6 7. Bd3 Bd6 8. 0-0 0-0 9. Nd2 c5 10. c3 Bxe5 11. dxe5 Ng4 12. f4 Nxe3 13. Qh5 Nxf1 14. Rxf1 Bd7 15. Nf3 Qb6 16. Rf2 Be8 17. Qh4 Bg6 18. Qg5 Qd8 19. Qg3 Qe8 20. h3 b5 21. Nh4 b4 22. Qe3 c4 23. Bc2 a5 24. g4 fxg4 25. Nxg6 hxg6 26. hxg4 b3 27. axb3 cxb3 28. Bxb3 Rb8 29. c4 d4 30. Qd3 Rxb3 31. Qxb3 Qc6 32. Qd3 Rc8 33. Rc2 Qc5 34. b3 g5 35. Rf2 gxf4 36. Rxf4 Qxe5 37. Re4 Qf6 38. Qxd4 Qxd4+ 39. Rxd4 Rb8 40. Rd3 Rc8 41. Rc3 Rc5 42. Kf2 Kf7 43. Ke3 e5 44. Ke4 Ke6 45. Rc1 g6 46. g5 Rc8 47. Ra1 Rb8 48. Rxa5 Rxb3 49. Ra6+ Kf7 50. Kxe5 Re3+ 51. Kd4 Rg3 52. Ra5 Rg4+ 53. Kc3 Ke7 54. Kb4 Kd7 55. Rc5 Rg1 56. Ra5 Rb1+ 57. Kc5 Rg1 58. Kb6 Rg4 59. c5 Rb4+ 60. Rb5 Rg4 61. c6+ Kc8 62. Re5 Rb4+ 63. Kc5 Rb1 64. Kd6 Rd1+ 65. Ke7 Rg1 66. Kf6 Kc7 67. Re6 Rf1+ 68. Kxg6 Ra1 69. Kf6 Rf1+ 70. Kg7 Ra1 71. g6 Ra2 72. Kf7 Rf2+ 73. Rf6 Rg2 74. g7 1-0

[Event "Lleida-ch"]
[Site "Almenar"]
[Date "2018.11.04"]
[Round "5"]
[White "Bonet Verdu, Marcel"]
[Black "Parramon Guillaumet, Jaime"]
[Result "1/2-1/2"]
[WhiteElo "1715"]
[BlackElo "1906"]
[PlyCount "219"]
[EventDate "2018.09.30"]
[EventType "swiss"]
[EventRounds "9"]
[EventCountry "ESP"]
[SourceTitle "CBM 187 Extra"]
[Source "ChessBase"]
[SourceDate "2018.11.04"]
[SourceVersion "1"]
[SourceVersionDate "2018.11.04"]
[SourceQuality "1"]

1. c4 d6 2. g3 g6 3. Bg2 Bg7 4. Nc3 Nf6 5. Nf3 0-0 6. 0-0 Nbd7 7. Rb1 a5 8. a3 e5 9. b4 axb4 10. axb4 Nb6 11. c5 Nbd5 12. Nxd5 Nxd5 13. e4 Ne7 14. Bb2 Bd7 15. d4 Bb5 16. Re1 Nc6 17. cxd6 cxd6 18. dxe5 Nxe5 19. Nxe5 dxe5 20. Qxd8 Rfxd8 21. Rbd1 Bc4 22. f4 exf4 23. Bxg7 Kxg7 24. gxf4 b5 25. e5 Rxd1 26. Rxd1 Ra4 27. Rb1 f6 28. Bf1 Bxf1 29. exf6+ Kxf6 30. Kxf1 Kf5 31. Kg2 Kxf4 32. Rf1+ Kg5 33. Rb1 h5 34. Rb2 h4 35. h3 Ra3 36. Rd2 Rg3+ 37. Kh2 Rf3 38. Kg2 Rf5 39. Rd4 Kh5 40. Re4 g5 41. Re8 Rf4 42. Rh8+ Kg6 43. Rg8+ Kh6 44. Rh8+ Kg7 45. Rh5 Kg6 46. Rh8 Rxb4 47. Rg8+ Kh6 48. Rh8+ Kg7 49. Rb8 Rb3 50. Rb6 b4 51. Kh2 Rb2+ 52. Kg1 b3 53. Kh1 Rb1+ 54. Kh2 b2 55. Kg2 Kf7 56. Kh2 Ke7 57. Kg2 Kd7 58. Rb3 Kc6 59. Kh2 Kc5 60. Rb8 Kd4 61. Rd8+ Ke5 62. Rb8 Kf6 63. Rf8+ Ke5 64. Rb8 Kf5 65. Rf8+ Kg6 66. Rb8 Kf6 67. Kg2 Ke6 68. Kh2 Rf1 69. Rxb2 Rf3 70. Ra2 Ke5 71. Ra5+ Kf4 72. Ra4+ Ke3 73. Ra3+ Ke2 74. Ra2+ Kd1 75. Ra1+ Kc2 76. Ra5 Rg3 77. Ra2+ Kb3 78. Ra5 Kb4 79. Ra8 Kc4 80. Rc8+ Kd5 81. Rd8+ Ke5 82. Re8+ Kf4 83. Rf8+ Ke3 84. Re8+ Kf2 85. Rf8+ Rf3 86. Rg8 Rf5 87. Rg7 Kf3 88. Rg8 Kf4 89. Kg2 Rf7 90. Rb8 Rd7 91. Rf8+ Ke5 92. Re8+ Kf6 93. Re2 Rd3 94. Rf2+ Ke5 95. Re2+ Kf4 96. Rf2+ Ke4 97. Ra2 Ke3 98. Ra5 Rd2+ 99. Kg1 Kf3 100. Ra3+ Kf4 101. Ra4+ Kf5 102. Ra5+ Kf4 103. Ra4+ Ke3 104. Ra3+ Ke2 105. Ra5 Rd3 106. Rxg5 Rxh3 107. Kg2 Re3 108. Rh5 Re4 109. Kh3 Kf3 110. Rxh4 1/2-1/2

[Event "Lleida-ch"]
[Site "Almenar"]
[Date "2018.10.28"]
[Round "4"]
[White "Bonet Verdu, Marcel"]
[Black "Torrelles Hornos, Robert"]
[Result "1-0"]
[WhiteElo "1715"]
[BlackElo "1793"]
[PlyCount "108"]
[EventDate "2018.09.30"]
[EventType "swiss"]
[EventRounds "9"]
[EventCountry "ESP"]
[SourceTitle "CBM 187 Extra"]
[Source "ChessBase"]
[SourceDate "2018.11.04"]
[SourceVersion "1"]
[SourceVersionDate "2018.11.04"]
[SourceQuality "1"]

1. c4 g6 2. g3 Bg7 3. Bg2 d6 4. Nc3 Nd7 5. Nf3 Rb8 6. 0-0 a6 7. a4 b6 8. d3 Bb7 9. e4 e6 10. Bg5 Ne7 11. Qc2 h6 12. Bd2 0-0 13. a5 bxa5 14. Rxa5 Nc6 15. Ra3 Nb4 16. Qb1 Qe7 17. Na2 Nxd3 18. Qxd3 Nc5 19. Qe2 Bxb2 20. Re3 Bg7 21. Bc3 e5 22. Bb4 Nd7 23. Nh4 Bf6 24. Rb1 Bxh4 25. gxh4 Qxh4 26. Rh3 Qf6 27. Rxh6 Kg7 28. Bd2 Nc5 29. Nc3 Rh8 30. Rxh8 Rxh8 31. Nd5 Qh4 32. h3 Bc8 33. Qf3 Ne6 34. Qg3 Qh5 35. Qg4 Qh7 36. Qf3 Qh4 37. Qg4 Qd8 38. Rb8 c6 39. Nb6 Qc7 40. Rxc8 Rxc8 41. Nxc8 Qxc8 42. Qh4 Qh8 43. Qxh8+ Kxh8 44. Kf1 Nd4 45. Ke1 Kg7 46. Kd1 Kf6 47. Bb4 c5 48. Bc3 Nc6 49. Kc2 Kg5 50. Bd2+ Kf6 51. f4 Ke6 52. h4 Nd4+ 53. Kd3 f6 54. f5+ gxf5 1-0

[Event "Lleida-ch"]
[Site "Almenar"]
[Date "2018.10.21"]
[Round "3"]
[White "Rodon Balcells, Jaume"]
[Black "Bonet Verdu, Marcel"]
[Result "1-0"]
[WhiteElo "1819"]
[BlackElo "1715"]
[PlyCount "129"]
[EventDate "2018.09.30"]
[EventType "swiss"]
[EventRounds "9"]
[EventCountry "ESP"]
[SourceTitle "CBM 187 Extra"]
[Source "ChessBase"]
[SourceDate "2018.11.04"]
[SourceVersion "1"]
[SourceVersionDate "2018.11.04"]
[SourceQuality "1"]

1. e4 c5 2. Nf3 a6 3. d4 cxd4 4. Nxd4 Nf6 5. Nc3 e5 6. Nf5 d5 7. Bg5 d4 8. Bxf6 gxf6 9. Ne2 Bxf5 10. exf5 Nc6 11. Qd2 Bb4 12. c3 dxc3 13. Qxd8+ Rxd8 14. Nxc3 0-0 15. a3 Bxc3+ 16. bxc3 Rd7 17. Be2 Rfd8 18. 0-0 Rd2 19. Bf3 Na5 20. Rfb1 e4 21. Bg4 Rc2 22. Re1 Rdd2 23. Rxe4 Rxf2 24. Bf3 Rfd2 25. Rg4+ Kf8 26. Rh4 Kg7 27. Rg4+ Kf8 28. Rd4 Rxd4 29. cxd4 Rd2 30. d5 b5 31. Rc1 Nc4 32. a4 Ke7 33. axb5 axb5 34. Ra1 Ne5 35. Re1 Kd6 36. Be4 Rd4 37. Kf1 b4 38. h3 b3 39. Bb1 Rxd5 40. Ke2 Kc5 41. Rc1+ Kb4 42. Be4 Rd6 43. Rb1 Nc4 44. Bd3 Na3 45. Rb2 Kc3 46. Rd2 b2 47. Rd1 b1Q 48. Rxb1 Nxb1 49. Bxb1 Rd2+ 50. Kf3 Kb2 51. Be4 Kc1 52. Kg4 Kd1 53. Kh5 Ke2 54. Kh6 Ke3 55. Bf3 Kf4 56. Kxh7 Kxf5 57. Kg7 Ke6 58. h4 Rd4 59. h5 Rb4 60. h6 Rb5 61. h7 Rg5+ 62. Kf8 Rb5 63. h8Q Rb8+ 64. Kg7 Rxh8 65. Kxh8 1-0

[Event "Balaguer op 17th"]
[Site "Balaguer"]
[Date "2012.06.22"]
[Round "7"]
[White "Bonet Verdu, Marcel"]
[Black "Paul Cava, Javier"]
[Result "1/2-1/2"]
[WhiteElo "1811"]
[BlackElo "1722"]
[PlyCount "22"]
[EventDate "2012.06.16"]
[EventType "swiss"]
[EventRounds "9"]
[EventCountry "ESP"]
[SourceTitle "EXT 2013"]
[Source "ChessBase"]
[SourceDate "2012.11.22"]
[SourceVersion "1"]
[SourceVersionDate "2012.11.22"]
[SourceQuality "1"]

1. e4 e5 2. Nf3 Nc6 3. Nc3 d6 4. d3 Nf6 5. Be2 Be7 6. h3 0-0 7. 0-0 Be6 8. Be3 Nd7 9. a3 a6 10. b4 b5 11. Qd2 Nf6 1/2-1/2